| 000 | 00996nam a22002297a 4500 | ||
|---|---|---|---|
| 999 |
_c17839 _d17839 |
||
| 003 | AR-CdUCM | ||
| 008 | 190509b ||||| |||| 00| 0 spa d | ||
| 040 |
_aMUNICIPALIDAD PROVINCIAL DEL CUSCO _cBIBLIOTECA MUNICIPAL DEL CUSCO |
||
| 082 |
_a129.35 / _bH333 |
||
| 100 |
_aHartmann, Nicolai _937795 |
||
| 245 |
_aOntología : _bIII. la fábrica del mundo real / |
||
| 260 |
_aMéxico : _bFondo de Cultura Económica, _c1959. |
||
| 300 |
_a685 páginas ; _c22 cm. |
||
| 440 |
_aSección de obras de filosofía _931716 |
||
| 505 | _aContenido: El lugar de la teoría de las categorías dentro de la ontologia -- El sentido de la cuestión de las categorías -- El problema gnoseologico de las categorías -- Concepto general de las categorías -- Concepciones y errores ontológicos... | ||
| 650 |
_aOntología _915047 |
||
| 650 |
_aLas categorías _938019 |
||
| 650 |
_aCiencias sociales _91096 |
||
| 700 |
_aGaos, Jose (Traducción) _938020 |
||
| 942 |
_2ddc _cLIBROS |
||
| 945 |
_awnts _d2019-05-09 |
||